5HLuxD.jpg

KING HENRY VIII SENIOR AND PRIMARY SCHOOL LIBRARY OPAC

Me and you / (Record no. 2166)

000 -LEADER
fixed length control field 00874cam a2200277 a 4500
001 - CONTROL NUMBER
control field 1866966
003 - CONTROL NUMBER IDENTIFIER
control field OSt
005 - DATE AND TIME OF LATEST TRANSACTION
control field 20230316150218.0
008 - FIXED-LENGTH DATA ELEMENTS--GENERAL INFORMATION
fixed length control field 130618r20112010enka j 000 1 eng d
020 ## - INTERNATIONAL STANDARD BOOK NUMBER
International Standard Book Number 9780552559102 (pbk.) :
035 ## - SYSTEM CONTROL NUMBER
System control number EL-BW-102-09
040 ## - CATALOGING SOURCE
Original cataloging agency NDHU
Language of cataloging eng
Transcribing agency T
Modifying agency KH8
042 ## - AUTHENTICATION CODE
Authentication code nbic
082 ## - DEWEY DECIMAL CLASSIFICATION NUMBER
Classification number 823.914 BRO
100 1# - MAIN ENTRY--PERSONAL NAME
Personal name Browne, Anthony,
Dates associated with a name 1946-
Relator term author
245 10 - TITLE STATEMENT
Title Me and you /
Statement of responsibility, etc. Anthony Browne.
250 ## - EDITION STATEMENT
Edition statement Picture Corgi ed.
260 ## - PUBLICATION, DISTRIBUTION, ETC.
Place of publication, distribution, etc. London :
Name of publisher, distributor, etc. Picture Corgi,
Date of publication, distribution, etc. 2011.
300 ## - PHYSICAL DESCRIPTION
Extent 1 v. (unpaged) :
Other physical details col. ill. ;
Dimensions 29 cm.
500 ## - GENERAL NOTE
General note "A thought-provoking take on the Goldilocks story by Anthony Browne"--Cover.
500 ## - GENERAL NOTE
General note Originally published: London : Doubleday, 2010.
650 #0 - SUBJECT ADDED ENTRY--TOPICAL TERM
Topical term or geographic name entry element Three bears (Tale)
Form subdivision Juvenile fiction.
650 #0 - SUBJECT ADDED ENTRY--TOPICAL TERM
Topical term or geographic name entry element Folklore
Form subdivision Juvenile fiction.
650 #0 - SUBJECT ADDED ENTRY--TOPICAL TERM
Topical term or geographic name entry element Bears
Form subdivision Juvenile fiction.
942 ## - ADDED ENTRY ELEMENTS (KOHA)
Source of classification or shelving scheme
Koha item type Books - Non Ficton
Holdings
Withdrawn status Lost status Source of classification or shelving scheme Damaged status Not for loan Collection code Permanent Location Current Location Shelving location Date acquired Total Checkouts Full call number Barcode Date last seen Date last checked out Price effective from Koha item type
          Non-Fiction KH8 Primary School Library KH8 Primary School Library Non Fiction 2023-03-16 12 823.914 BRO KHPL000003903 2026-03-17 2026-03-10 2023-03-16 Books - Non Ficton

Powered By KH8 IT Dept